LEADER 01300nam a2200313 a 4500 001 000000160601 003 CaOOAMICUS 005 20170511105755.0 008 170511s2013 it u000 u ita r 020 $a978-88-88926-40-7* 032 $aLibriCat 040 $aPUL$bita 082 14$a121 100 1 $aZarmati, Luigino,$d1949-$0(OLS)http://pul/name/41829 245 13$aLa fede :$brisorsa naturale della persona umana /$cLuigino Zarmati. 260 $aRoma :$bLeonardo da Vinci,$c©2013. 300 $aVII, 219 p. ;$c24 cm. 490 1 $aGrande Enciclopedia epistemologica. Nuova serie ;$v09 504 $aBibliografia in nota a pič pagina. 650 4$aFede.$0(OLS)http://pul/subject/668 830 0$aGrande Enciclopedia epistemologica.$pNuova serie ;$v09.$0(OLS)http://pul/title/168261 850 $aPUL 852 $aPUL$W1$xSL Filosofia 3$y81$m121 COLL 1.9$j184345$qDDC 21$B187544$CPULBib$Z2$F187544 $H129640 $81 941 1 $a9 996 $6020$a978-88-88926-40-7*$9(OLS)http://pul/number/162630 996 $6082$a121$9(OLS)http://pul/classification/133 996 $6245$aLa fede :$brisorsa naturale della persona umana$9(OLS)http://pul/title/200270 996 $6260$aRoma :$bLeonardo da Vinci$9(OLS)http://pul/publisher/51778 LEADER 01165nam a2200265 a 4500 001 000000155364 003 CaOOAMICUS 005 20161020154947.0 008 161020s1970 it u000 u ita r 032 $aLibriCat 040 $aPUL$bita 100 1 $aLombardi, Giorgio,$d1935-2010.$0(OLS)http://pul/name/28583 245 10$aPotere privato e diritti fondamentali /$cGiorgio Lombardi. 260 $aTorino :$bGiappichelli,$c1970. 300 $aXVI, 506 p. ;$c25 cm. 490 1 $aUniversitą di Torino. Memorie dell'Istituto giuridico. Serie II ;$v132 504 $aContiene riferimenti bibliografici. 650 04$aDiritto privato$zItalia.$0(OLS)http://pul/subject/1235 830 0$aMemorie dell'Istituto giuridico (Universitą di Torino).$nSerie II ;$v132.$0(OLS)http://pul/title/2705 850 $aPUL 852 $aPUL$W1$xDP1 Cons. Gen., Altre Classi 1$y22$m1039 F 2.132$j178442$qStampati$B181656$CPULBib$Z2$F181656 $H31769 $81 941 1 $a8 996 $6245$aPotere privato e diritti fondamentali$9(OLS)http://pul/title/195020 996 $6260$aTorino :$bGiappichelli$9(OLS)http://pul/publisher/48244